LEADER 03004nam a2200781 a 4500
001 nkc20102145974
003 CZ PrNK
005 20110613120858.0
007 ta
008 101028s2010 xr ach e 000 1acze
015 |a cnb002145974 
020 |a 978-80-7112-151-0  |q (brož.) 
035 |a (OCoLC)730406119 
040 |a OLA001  |b cze  |d BOA001 
041 1 |a cze  |h eng 
043 |a x------  |a e-ne--- 
045 |a x1x9 
072 7 |a 271/279  |x Křesťanské církve, sekty, denominace  |2 Konspekt  |9 5 
072 7 |a 929  |x Biografie  |2 Konspekt  |9 8 
080 |a 27-475-051  |2 MRF 
080 |a 27-766-051  |2 MRF 
080 |a 2-312.6-584.5  |2 MRF 
080 |a 27-145.3  |2 MRF 
080 |a 929  |2 MRF 
080 |a 279.125  |2 MRF 
080 |a 27-766  |2 MRF 
080 |a 27-762  |2 MRF 
080 |a 27-277.2  |2 MRF 
080 |a 2-6  |2 MRF 
080 |a (492)  |2 MRF 
080 |a (100)  |2 MRF 
080 |a (0:82-94)  |2 MRF 
100 1 |a Maasbach, Johan,  |d 1918-1997  |7 hka2011635234  |4 aut 
245 1 0 |a Proč kážu Krista /  |c Johan Maasbach ; [překlad Eva Čaplová] 
260 |a Albrechtice :  |b Křesťanský život,  |c c2010 
300 |a 205 s. :  |b il., portréty, faksim. ;  |c 17 cm 
490 1 |a Hrdinové víry 
500 |a Přeloženo z angličtiny 
600 1 7 |a Maasbach, Johan,  |d 1918-1997  |7 hka2011635234  |2 czenas 
648 4 |a 1918-1997 
648 7 |a 20. století  |7 ch460558  |2 czenas 
650 0 7 |a kazatelé  |7 ph121551  |z Nizozemsko  |y 20. století  |2 czenas 
650 0 7 |a evangelizátoři  |7 ph314854  |z Nizozemsko  |y 20. století  |2 czenas 
650 0 7 |a vnitřní konverze (náboženství)  |7 ph127150  |2 czenas 
650 0 7 |a Boží prozřetelnost  |7 ph224038  |2 czenas 
650 0 7 |a letniční hnutí  |7 ph122271  |z Nizozemsko  |y 20. století  |2 czenas 
650 0 7 |a evangelizace  |7 ph120046  |z země světa  |y 20. století  |2 czenas 
650 0 7 |a misijní činnost  |7 ph122902  |z země světa  |y 20. století  |2 czenas 
650 0 7 |a biblické citáty  |7 ph118853  |2 czenas 
650 0 9 |a preachers  |z Netherlands  |y 20th century  |2 eczenas 
650 0 9 |a evangelistic workers  |z Netherlands  |y 20th century  |2 eczenas 
650 0 9 |a interior conversion  |2 eczenas 
650 0 9 |a providence of God  |2 eczenas 
650 0 9 |a Pentecostal movements  |z Netherlands  |y 20th century  |2 eczenas 
650 0 9 |a evangelistic work  |z countries of the world  |y 20th century  |2 eczenas 
650 0 9 |a mission activities  |z countries of the world  |y 20th century  |2 eczenas 
650 0 9 |a Biblical quotations  |2 eczenas 
651 7 |a Nizozemsko  |7 ge128525  |x náboženské poměry  |y 20. století  |2 czenas 
651 9 |a Netherlands  |x religious conditions  |y 20th century  |2 eczenas 
655 7 |a autobiografické vzpomínky  |7 fd131854  |2 czenas 
655 9 |a autobiographical reminiscences  |2 eczenas 
765 0 |t Why I preach Christ  |9 Česky 
830 0 |a Hrdinové víry  |0 s 
910 2 |a BOA001  |b 1-1266.104 
990 |a BK 
995 |a 01 
991 |b 201105  |c NOV  |e n 
996 6 |b 2610477489  |c 1-1266.104  |l MZK  |r Sklad / do 1 hodiny  |n 0  |p p.v.  |w 001177593  |u 000010  |a 1  |e BOA001  |j MZK50  |s P